000
00272 a2200097 4500
245
_a
Journey to the centre of the earth
_h
print
700
_a
Verne, Jules
005
20191017173523.0
260
_a
nyu
_b
Ace Books
_c
[c1956]
084
_a
PZ3.V594 J5
300
_a
256 p. 17 cm.
_b
256 p. 17 cm.
_c
256 p. 17 cm.
999
_c
10371
_d
10371